| 000 | 00361nam a22001337a 4500 | ||
|---|---|---|---|
| 008 | 250317b |||||||| |||| 00| 0 eng d | ||
| 020 | _a0471969346 | ||
| 050 |
_aHD _b.S97 |
||
| 100 | _aHEIS, Christian | ||
| 245 | _aSustem Dynamics in Economics and Financial Models | ||
| 260 |
_aEngland _bJohn Wiley & Sons. Limited _c1997 |
||
| 300 | _axxvi, 372p. | ||
| 942 | _cBK | ||
| 999 |
_c2385 _d2385 |
||